[Event "Come on and play!"]
[Site "SchemingMind.com"]
[Date "2012.11.19"]
[Round "-"]
[White "kubinet"]
[Black "Iucounu"]
[Result "1-0"]
[WhiteCountry "GER"]
[BlackCountry "ENG"]
[WhiteElo "1530"]
[WhiteRD "67"]
[BlackElo "1385"]
[BlackRD "52"]
[GameID "321391"]

1. e4 e5 2. Nf3 Nc6 3. Bb5 a6 4. Ba4 b5 5. Bb3 Na5 6. c3 Nxb3 7. Qxb3 d6 8. h3 Be6 9. Qd1 Be7 10. O-O f5
11. exf5 Bxf5 12. d3 h6 13. Na3 Nf6 14. Nc2 O-O 15. Ne3 Bh7 16. Ne1 d5 17. Ng4 Bd6 18. Nc2 Nxg4 19. hxg4 e4 20. dxe4 dxe4
21. g3 Qd7 22. Bf4 Rad8 23. Bxd6 Qxd6 24. Ne3 Qxd1 25. Raxd1 c5 26. Rd5 Rxd5 27. Nxd5 Rd8 28. Rd1 Kf7 29. Kf1 Bg8 30. Ke2 Kf8
31. Nc7 Rxd1 32. Kxd1 Bxa2 33. Nxa6 c4 34. Kc1 Bb3 35. Kd2 Ke7 36. Nc5
1-0

[Event "Come on and play!"]
[Site "SchemingMind.com"]
[Date "2012.11.16"]
[Round "-"]
[White "mireluc"]
[Black "Iucounu"]
[Result "1-0"]
[WhiteCountry "ESP"]
[BlackCountry "ENG"]
[WhiteElo "1583"]
[WhiteRD "85"]
[BlackElo "1409"]
[BlackRD "52"]
[GameID "321392"]

1. e4 e5 2. f4 exf4 3. Nf3 g5 4. h3 Nc6 5. d4 d6 6. Bb5 Bd7 7. Nc3 Be7 8. Qe2 a6 9. Bc4 h6 10. a3 b5
11. Ba2 Bf6 12. e5 dxe5 13. dxe5 Bg7 14. O-O Be6 15. b3 Nge7 16. Bb2 Ng6 17. Nd1 O-O 18. Nf2 Ngxe5 19. Nxe5 Nxe5 20. Bxe5 Bxe5
21. Qxe5 Qd6 22. Qxd6 cxd6 23. b4 Bxa2 24. Rxa2 Rac8 25. Rd1 Rfd8 26. Rd5 Rc7 27. Ne4 Rc6 28. c3 Kg7 29. Rad2 Kf8 30. Rxd6 Rcxd6
31. Rxd6 Rxd6 32. Nxd6 Ke7 33. Ne4 Kd7 34. Nc5+
1-0

[Event "Come on and play!"]
[Site "SchemingMind.com"]
[Date "2012.11.19"]
[Round "-"]
[White "SAMAEL"]
[Black "Iucounu"]
[Result "1-0"]
[WhiteCountry "CAN"]
[BlackCountry "ENG"]
[WhiteElo "1717"]
[WhiteRD "52"]
[BlackElo "1409"]
[BlackRD "52"]
[GameID "321393"]

1. Nf3 Nf6 2. d4 d5 3. e3 c6 4. Be2 Bg4 5. O-O e6 6. h3 Bh5 7. Ne5 Bxe2 8. Qxe2 Nbd7 9. Nxd7 Qxd7 10. Nc3 Bd6
11. Bd2 O-O 12. a3 c5 13. dxc5 Bxc5 14. Qb5 a6 15. Qxc5 Ne4 16. Nxe4 dxe4 17. Bc3 Rac8 18. Qb4 Qc6 19. Rfd1 g6 20. Qd4 e5
21. Qxe5 f6 22. Qd5+ Qxd5 23. Rxd5 f5 24. Rad1 b5 25. Rd7 Rf7 26. Rxf7 Kxf7 27. Rd7+ Kg8 28. Rg7+
1-0

[Event "Come on and play!"]
[Site "SchemingMind.com"]
[Date "2012.11.14"]
[Round "-"]
[White "hymanroth"]
[Black "Iucounu"]
[Result "1-0"]
[WhiteCountry "CRO"]
[BlackCountry "ENG"]
[WhiteElo "2157"]
[WhiteRD "96"]
[BlackElo "1400"]
[BlackRD "52"]
[GameID "321394"]

1. e4 e5 2. Nf3 Nc6 3. Bb5 a6 4. Ba4 Nf6 5. O-O b5 6. Bb3 Bb7 7. d3 Bc5 8. Nc3 O-O 9. a4 d6 10. axb5 axb5
11. Rxa8 Qxa8 12. Nxb5 Qb8 13. Re1 Na5 14. Ba2 Bb6 15. Nc3 Re8 16. Bg5 Ng4 17. Bh4 Kf8 18. h3 Nh6 19. Qd2 f6 20. Bxf6 Ng8
21. Bh4 h6 22. Nb1 Nc6 23. Bd5 Nf6 24. Bxf6
1-0

[Event "Come on and play!"]
[Site "SchemingMind.com"]
[Date "2012.11.14"]
[Round "-"]
[White "krzysztof"]
[Black "Majoanis"]
[Result "0-1"]
[WhiteCountry "POL"]
[BlackCountry "CAN"]
[WhiteElo "1484"]
[WhiteRD "72"]
[BlackElo "1939"]
[BlackRD "61"]
[GameID "321395"]

1. Nf3 d5 2. d4 Nf6 3. Bf4 c5 4. c3 cxd4 5. Qxd4 Nc6 6. Qa4 e6 7. e3 Be7 8. Bb5 Bd7 9. Ne5 Nxe5 10. Bxe5 Bxb5
11. Qxb5+ Qd7 12. Qb3 O-O 13. Nd2 Rfc8 14. Nf3 Ne4 15. Rd1 Bd6 16. Bd4 Bc5 17. Ne5 Qc7 18. h4 Bxd4 19. exd4 Nc5 20. Qc2 Ne4
21. h5 h6 22. g4 f6 23. Nd3 Ng5 24. Kd2 Qa5 25. Nb4 Ne4+ 26. Kc1 Qxb4 27. cxb4 Rxc2+ 28. Kxc2 Nxf2 29. Rhe1 Nxd1 30. Kxd1 Kf7
31. Re3 Rc8 32. Kd2 Rc4 33. Kd3 Rxb4 34. b3 Rb6 35. Kd2 Rc6 36. b4 Rc4 37. Rc3 Rxc3 38. Kxc3 b5 39. a4 a6 40. axb5 axb5
41. Kd3 f5 42. gxf5 exf5 43. Ke3 g6 44. hxg6+ Kxg6 45. Kf4 Kf6 46. Kf3 Kg5 47. Kg3 f4+ 48. Kf3 h5 49. Kf2 Kg4 50. Kg2 f3+
51. Kf2 Kf4 52. Kf1 Ke3 53. Kg1 Ke2 54. Kh1 f2 55. Kh2 f1=Q 56. Kg3 Qf3+ 57. Kh2 h4 58. Kg1 h3 59. Kh2 Qg2#
0-1

[Event "Come on and play!"]
[Site "SchemingMind.com"]
[Date "2012.11.14"]
[Round "-"]
[White "krzysztof"]
[Black "Michal Drus"]
[Result "0-1"]
[WhiteCountry "POL"]
[BlackCountry "POL"]
[WhiteElo "1569"]
[WhiteRD "70"]
[BlackElo "1614"]
[BlackRD "67"]
[GameID "321396"]

1. e4 c6 2. Nf3 d5 3. e5 Bg4 4. d4 e6 5. h3 Bh5 6. Nc3 c5 7. Bg5 Be7 8. Be3 Nc6 9. g4 Bg6 10. Bd3 Bxd3
11. Qxd3 Nb4 12. Qd2 cxd4 13. Bxd4 h5 14. gxh5 Nh6 15. a3 Nc6 16. Be3 Nf5 17. Ne2 Nxe3 18. Qxe3 Rxh5 19. O-O-O Qb6 20. Qxb6 axb6
21. Rdg1 Nxe5 22. Nxe5 Rxe5 23. Kd2 g6 24. h4 Ra4 25. h5 Rxh5 26. Rxh5 gxh5 27. f4 Bd6 28. Ke3 Bc5+ 29. Kd3 Bxg1 30. Nxg1 Rxf4
31. Ke2 Ke7 32. Nf3 h4 33. Kf2 e5 34. Kg2 e4 35. Ne1 Ke6 36. Kh3 Rf1 37. Ng2 Rh1+ 38. Kg4 h3 39. Kg3 hxg2 40. Kxg2 Rc1
41. Kf2 Rxc2+ 42. Ke3 Ke5 43. b4 d4#
0-1

[Event "Come on and play!"]
[Site "SchemingMind.com"]
[Date "2012.11.14"]
[Round "-"]
[White "krzysztof"]
[Black "Iucounu"]
[Result "1-0"]
[WhiteCountry "POL"]
[BlackCountry "ENG"]
[WhiteElo "1484"]
[WhiteRD "72"]
[BlackElo "1385"]
[BlackRD "52"]
[GameID "321397"]

1. e4 e5 2. Nf3 Nc6 3. Bc4 Nf6 4. d3 Bc5 5. Ng5 O-O 6. Nc3 d6 7. h3 h6 8. Nf3 Nh5 9. Nxe5 Nxe5 10. Qxh5 Nxc4
11. dxc4 Qf6 12. O-O Re8 13. Be3 Bxe3 14. fxe3 Qg6 15. Qxg6 fxg6 16. Rf3 Bd7 17. Raf1 Be6 18. b3 a6 19. Nd5 Rac8 20. Rg3 g5
21. Kf2 Rf8+ 22. Rf3 Rxf3+ 23. Kxf3 Rf8+ 24. Ke2 Bxd5 25. exd5 Rxf1 26. Kxf1 Kf7 27. Kf2 Kf6 28. Kf3 h5 29. g4 h4 30. e4 Ke5
31. Ke3 g6 32. c3 a5 33. a4 b6 34. b4 Kf6 35. bxa5 bxa5 36. Kd3 Ke5 37. Ke3 Kf6 38. Kd4 Ke7 39. c5 Kf6 40. c6 Kf7
41. c4 Kf6 42. c5 dxc5+ 43. Kxc5 Ke5 44. Kb5
1-0

[Event "Come on and play!"]
[Site "SchemingMind.com"]
[Date "2012.11.16"]
[Round "-"]
[White "krzysztof"]
[Black "mireluc"]
[Result "0-1"]
[WhiteCountry "POL"]
[BlackCountry "ESP"]
[WhiteElo "1587"]
[WhiteRD "70"]
[BlackElo "1575"]
[BlackRD "87"]
[GameID "321399"]

1. e4 e5 2. Nf3 Nc6 3. Nc3 d6 4. Bb5 a6 5. Ba4 h6 6. d4 exd4 7. Nxd4 Bd7 8. Nxc6 Bxc6 9. Bxc6+ bxc6 10. O-O Nf6
11. Re1 Be7 12. Bf4 O-O 13. Qf3 Rb8 14. b3 Nd7 15. Rad1 Bg5 16. Bg3 Nb6 17. e5 d5 18. Bf4 Qe7 19. Ne2 Rbe8 20. Ng3 Nd7
21. Bxg5 Qxg5 22. c4 Nxe5 23. Qc3 Ng6 24. cxd5 cxd5 25. Qxc7 Rxe1+ 26. Rxe1 Qd2 27. Qc1 Qxa2 28. Qd1 Rd8 29. Qb1 Qd2 30. Qa1 Rb8
31. Nf5 f6 32. Ne7+ Nxe7 33. Rxe7 Qb4 34. Ra7 Qxb3 35. Qxa6 Qb1+ 36. Qf1 d4 37. h3 d3 38. Rd7 Qxf1+ 39. Kxf1 Rb1#
0-1

[Event "Come on and play!"]
[Site "SchemingMind.com"]
[Date "2012.11.19"]
[Round "-"]
[White "krzysztof"]
[Black "SAMAEL"]
[Result "0-1"]
[WhiteCountry "POL"]
[BlackCountry "CAN"]
[WhiteElo "1569"]
[WhiteRD "70"]
[BlackElo "1717"]
[BlackRD "52"]
[GameID "321400"]

1. e4 c5 2. e5 e6 3. Nf3 d6 4. Bb5+ Bd7 5. Qe2 a6 6. Bd3 d5 7. b3 b5 8. c4 dxc4 9. bxc4 b4 10. Be4 Bc6
11. a3 Ne7 12. axb4 cxb4 13. d4 Bxe4 14. Qxe4 Nd7 15. Bb2 Ng6 16. O-O Be7 17. Nbd2 O-O 18. c5 a5 19. Ra4 Qc7 20. Rfa1 Ra7
21. Nc4 Rfa8 22. Rxa5 Rxa5 23. Rxa5 Rxa5 24. Nxa5 Qxa5 25. h3 Nb8 26. Qb7 Na6 27. h4 Bf8 28. Ng5 Ne7 29. Qe4 g6 30. h5 Qa4
31. Qf3 Nf5 32. hxg6 hxg6 33. Kh2 Qe8 34. Qh3 Bh6 35. Nf3 Qf8 36. g4 Ne7 37. g5 Bg7 38. Qf1 Nc7 39. Qc4 Ncd5 40. Bc1 Qe8
41. Nd2 Nc6 42. Nb3 Kf8 43. Qb5 Nxd4 44. Qxe8+ Kxe8 45. Nxd4 Bxe5+ 46. f4 Bxd4 47. c6 b3 48. Ba3 b2 49. Bxb2 Bxb2 50. Kg3 Bc1
51. f5 gxf5 52. Kh4 Nb4 53. c7 Kd7 54. g6 fxg6 55. c8=Q+ Kxc8
0-1

[Event "Come on and play!"]
[Site "SchemingMind.com"]
[Date "2012.11.14"]
[Round "-"]
[White "krzysztof"]
[Black "hymanroth"]
[Result "0-1"]
[WhiteCountry "POL"]
[BlackCountry "CRO"]
[WhiteElo "1574"]
[WhiteRD "72"]
[BlackElo "2029"]
[BlackRD "111"]
[GameID "321401"]

1. e4 e5 2. Nf3 Nc6 3. Bc4 Nf6 4. d3 Bc5 5. h3 d6 6. Nc3 Be6 7. Bxe6 fxe6 8. Bg5 O-O 9. Qd2 Qd7 10. h4 Nh5
11. O-O-O Rf7 12. Be3 Bxe3 13. Qxe3 Nf4 14. Rh2 Raf8 15. Ng5 Rf6 16. g3 Nh5 17. Rf1 Nd4 18. Ne2 Nxe2+ 19. Qxe2 Nxg3 20. fxg3 Rxf1+
21. Kd2 h6 22. Nh3 Qb5 23. b3 Qa5+ 24. Ke3 Re1 25. Rf2 Rxf2 26. Nxf2 Rxe2+ 27. Kxe2 Qxa2 28. Kd2 Qa5+ 29. Ke3 Qc5+ 30. Kf3 Qxc2
31. b4 Qb3 32. g4 Qxb4
0-1

[Event "Come on and play!"]
[Site "SchemingMind.com"]
[Date "2012.11.15"]
[Round "-"]
[White "Majoanis"]
[Black "krzysztof"]
[Result "1-0"]
[WhiteCountry "CAN"]
[BlackCountry "POL"]
[WhiteElo "1912"]
[WhiteRD "60"]
[BlackElo "1477"]
[BlackRD "66"]
[GameID "321402"]

1. Nf3 Nf6 2. c4 d5 3. d4 dxc4 4. e3 b5 5. a4 Ba6 6. axb5 Bxb5 7. Ne5 Nbd7 8. Bxc4 Bxc4 9. Nxc4 e6 10. O-O Bd6
11. Nc3 h5 12. e4 Bb4 13. e5 Nd5 14. Nxd5 exd5 15. Ne3 c6 16. Qa4 Qb6 17. Nf5 g6 18. Ne3 O-O 19. Nxd5 cxd5 20. Qxd7 Qxd4
21. e6 fxe6 22. Qxe6+ Kh7 23. Be3 Qe4 24. Qxe4 dxe4 25. Rxa7+ Rxa7 26. Bxa7 Rc8 27. g3 Rc2 28. Bd4 Bf8 29. Ra1 Bg7 30. Ra7 Rc1+
31. Kg2 e3 32. Rxg7+ Kh6 33. Bxe3+ Kxg7 34. Bxc1 Kf6 35. Kf3 Kf5 36. b4 g5 37. Bxg5 Kxg5 38. b5 h4 39. gxh4+ Kxh4 40. b6 Kh3
41. b7 Kxh2 42. b8=Q+ Kg1 43. Qb1+ Kh2 44. Qg6 Kh1 45. Qg2#
1-0

[Event "Come on and play!"]
[Site "SchemingMind.com"]
[Date "2012.11.14"]
[Round "-"]
[White "Michal Drus"]
[Black "krzysztof"]
[Result "0-1"]
[WhiteCountry "POL"]
[BlackCountry "POL"]
[WhiteElo "1583"]
[WhiteRD "64"]
[BlackElo "1587"]
[BlackRD "70"]
[GameID "321403"]

1. e4 e5 2. Nf3 Nc6 3. d4 Bd6 4. d5 Nce7 5. c4 c6 6. Bg5 h6 7. Bh4 g5 8. Bg3 f6 9. Nc3 Qa5 10. Qa4 Qb6
11. O-O-O h5 12. h3 h4 13. dxc6 bxc6 14. Rxd6 hxg3 15. fxg3 Rb8 16. Be2 Qxb2+ 17. Kd1 Qxc3 18. Qc2 Qa1+
0-1

[Event "Come on and play!"]
[Site "SchemingMind.com"]
[Date "2012.11.15"]
[Round "-"]
[White "Iucounu"]
[Black "krzysztof"]
[Result "0-1"]
[WhiteCountry "ENG"]
[BlackCountry "POL"]
[WhiteElo "1409"]
[WhiteRD "52"]
[BlackElo "1569"]
[BlackRD "70"]
[GameID "321404"]

1. e4 e5 2. Nf3 Nc6 3. Bb5 Nge7 4. O-O a6 5. Ba4 b5 6. Bb3 Ng6 7. c3 Qf6 8. d4 exd4 9. Nxd4 Bc5 10. Qf3 Bxd4
11. cxd4 Bb7 12. Qxf6 gxf6 13. Bh6 Nxd4 14. Bg7 Rg8 15. Bxf6 Ne2+ 16. Kh1 Nef4 17. Nd2 Ne6 18. Bd5 c6 19. Bb3 Ngf4 20. Bxe6 fxe6
21. g3 Nd3 22. e5 Nxb2 23. Ne4 c5 24. f3 Bxe4 25. fxe4 Rg4 26. Rf4 Rg6 27. Kg2 c4 28. Rb1 Nd3 29. Rh4 h6 30. Kf1 c3
0-1

[Event "Come on and play!"]
[Site "SchemingMind.com"]
[Date "2012.11.16"]
[Round "-"]
[White "mireluc"]
[Black "krzysztof"]
[Result "0-1"]
[WhiteCountry "ESP"]
[BlackCountry "POL"]
[WhiteElo "1575"]
[WhiteRD "87"]
[BlackElo "1587"]
[BlackRD "70"]
[GameID "321406"]

1. e4 e5 2. f4 exf4 3. Nf3 d5 4. e5 Be6 5. d4 g5 6. h3 Nc6 7. Nc3 Nh6 8. Bd3 Bf5 9. Ne2 Bb4+ 10. Bd2 Bxd3
11. cxd3 Qe7 12. Nc3 O-O-O 13. a3 Ba5 14. b4 Bb6 15. Ne2 Nf5 16. O-O Ncxd4 17. Kh2 Rdg8 18. Nexd4 Nxd4 19. Bc3 Nxf3+ 20. Qxf3 Rd8
21. d4 Kb8 22. a4 a6 23. a5 Ba7 24. Ra2 h5 25. Rc2 Qe6 26. Rff2 Rdg8 27. Bd2 h4 28. Qd3 g4 29. Rxf4 gxh3 30. Bc3 Rg3
31. Rf3 Rhg8 32. Kg1 hxg2 33. Be1 Qh3 34. Rxg3 Qh1+ 35. Kf2 Rxg3 36. Qh7 Qf1#
0-1

[Event "Come on and play!"]
[Site "SchemingMind.com"]
[Date "2012.11.19"]
[Round "-"]
[White "SAMAEL"]
[Black "krzysztof"]
[Result "1-0"]
[WhiteCountry "CAN"]
[BlackCountry "POL"]
[WhiteElo "1719"]
[WhiteRD "55"]
[BlackElo "1587"]
[BlackRD "70"]
[GameID "321407"]

1. c4 e5 2. d3 Bc5 3. Nf3 d6 4. e3 Bg4 5. Be2 h5 6. h3 Nf6 7. hxg4 Nxg4 8. d4 exd4 9. Nxd4 Nf6 10. a3 Qd7
11. Nc3 Nc6 12. Nxc6 Qxc6 13. Bf3 Qa6 14. b3 O-O-O 15. Bb2 d5 16. Qc2 d4 17. Na4 Qd6 18. Qf5+ Nd7 19. b4 Bb6 20. c5 Bxc5
21. Nxc5 d3 22. Rd1 c6 23. Rxd3 Qe7 24. O-O g6 25. Qh3 g5 26. Qf5 g4 27. Be4 Kb8 28. Nxd7+ Rxd7 29. Rxd7 Qxd7 30. Qxd7 Rf8
31. Qd6+ Ka8 32. Qxf8#
1-0

[Event "Come on and play!"]
[Site "SchemingMind.com"]
[Date "2012.11.15"]
[Round "-"]
[White "hymanroth"]
[Black "krzysztof"]
[Result "1-0"]
[WhiteCountry "CRO"]
[BlackCountry "POL"]
[WhiteElo "2132"]
[WhiteRD "96"]
[BlackElo "1569"]
[BlackRD "70"]
[GameID "321408"]

1. e4 e5 2. Nf3 Nc6 3. Bb5 Nge7 4. Nc3 Ng6 5. d4 exd4 6. Nxd4 Nxd4 7. Qxd4 c6 8. Bc4 d6 9. Be3 c5 10. Qd2 Be7
11. O-O-O O-O 12. Bd5 Be6 13. Bxb7 Rb8 14. Bd5 Qb6 15. b3 a5 16. Na4 Qc7 17. Bg5 h6 18. Bxe7 Nxe7 19. Bxe6 fxe6 20. Qxd6 Qxd6
21. Rxd6 c4 22. Rxe6 Rfe8 23. Rd1 cxb3 24. axb3 Kf7 25. Rb6 Ng6 26. Rxb8 Rxb8 27. Rd5 Ra8 28. Nb6 Ra6 29. Rd7+ Kg8 30. Rd6 Kh7
31. Nc4 Ra7 32. Rd5 a4 33. bxa4 Rxa4 34. Nd2 Nf4 35. Rd7 Nxg2 36. c4 Nf4 37. c5 Ra8 38. c6 Ne6 39. Kb2 Rc8 40. Rd6 Nd8
41. c7 Nb7 42. Rd7 Kg8 43. e5 Kf8 44. Nc4 Ke8 45. Nb6 Nc5 46. Rxg7 Kf8 47. Nxc8 Kxg7 48. Nd6 Nd3+ 49. Kc3 Nxe5 50. c8=Q Ng4
51. Qxg4+ Kf6 52. Qf5+ Ke7 53. Nc8+ Kd8 54. Qf8+ Kc7 55. f4 Kb8 56. f5 Kc7 57. f6 Kd7 58. Qe7+ Kc6 59. f7 Kd5 60. f8=Q h5
61. Qc5+ Ke4 62. Qd4#
1-0

[Event "Come on and play!"]
[Site "SchemingMind.com"]
[Date "2012.11.15"]
[Round "-"]
[White "Scooter"]
[Black "Majoanis"]
[Result "0-1"]
[WhiteCountry "USA"]
[BlackCountry "CAN"]
[WhiteElo "1775"]
[WhiteRD "47"]
[BlackElo "1696"]
[BlackRD "66"]
[GameID "321475"]

1. d4 d5 2. Nf3 e6 3. Bf4 Nf6 4. e3 c5 5. Bb5+ Bd7 6. Bxd7+ Nbxd7 7. O-O Be7 8. c3 O-O 9. Nbd2 Rc8 10. h3 a6
11. Rc1 c4 12. Qe2 b5 13. e4 dxe4 14. Nxe4 Nxe4 15. Qxe4 Nf6 16. Qb7 Bd6 17. Bxd6 Qxd6 18. Rfe1 Rc7 19. Qxc7 Qxc7 20. Re5 Rb8
21. g3 Nd5 22. Re2 a5 23. a3 h6 24. Nd2 h5 25. Re5 h4
0-1

[Event "Come on and play!"]
[Site "SchemingMind.com"]
[Date "2012.11.16"]
[Round "-"]
[White "Scooter"]
[Black "krzysztof"]
[Result "1-0"]
[WhiteCountry "USA"]
[BlackCountry "POL"]
[WhiteElo "1769"]
[WhiteRD "52"]
[BlackElo "1587"]
[BlackRD "70"]
[GameID "321476"]

1. d4 d5 2. Nf3 Nf6 3. Bf4 Nh5 4. Bg5 h6 5. Bh4 g5 6. Bg3 Nxg3 7. hxg3 Bg4 8. Nxg5 Bg7 9. Nf3 Nc6 10. e3 Qd6
11. c3 O-O-O 12. Nbd2 e5 13. Be2 Bf5 14. dxe5 Nxe5 15. Nxe5 Qxe5 16. Nf3 Qd6 17. Nd4 Bg6 18. Qa4 Qb6 19. Qb3 Bxd4 20. exd4 Rde8
21. Qxb6 axb6 22. Kd2 Re6 23. Rhe1 Be4 24. Bf3 Bxf3 25. gxf3 h5 26. Rxe6 fxe6 27. Re1 Kd7 28. Rh1 Ke7 29. Ke3 Kf6 30. Kf4 Rh6
31. Rh4 c5 32. g4 Kg6 33. Ke5 Kg5 34. Rxh5+ Rxh5 35. gxh5 Kxh5 36. Kxe6 Kg5 37. Kxd5 cxd4 38. Kxd4 Kf4 39. Kc4 Kxf3 40. Kb5 Kxf2
41. Kxb6 Ke3 42. Kxb7 Kd3 43. a4 Kc4 44. a5 Kb3 45. a6 Kxb2 46. a7 Kxc3 47. a8=Q Kc4 48. Qa6+ Kb4 49. Kc6 Kc3 50. Kc5 Kb2
51. Qd3 Kc1 52. Qe2 Kb1 53. Kc4 Ka1 54. Kc3 Kb1 55. Qb2#
1-0

[Event "Come on and play!"]
[Site "SchemingMind.com"]
[Date "2012.11.15"]
[Round "-"]
[White "Scooter"]
[Black "Michal Drus"]
[Result "1-0"]
[WhiteCountry "USA"]
[BlackCountry "POL"]
[WhiteElo "1775"]
[WhiteRD "47"]
[BlackElo "1596"]
[BlackRD "62"]
[GameID "321477"]

1. d4 d5 2. Nf3 c5 3. Bf4 Nf6 4. e3 Nc6 5. Bb5 e6 6. Ne5 Qb6 7. Bxc6+ bxc6 8. b3 c4 9. O-O Bd6 10. Nxf7 Kxf7
11. Bxd6 Ne4 12. Be5 Qb4 13. Qf3+ Ke7 14. Bxg7 Rg8 15. Bh6 Rg6 16. Bf8+ Kd7 17. Qf7+ Kd8 18. Bxb4
1-0

[Event "Come on and play!"]
[Site "SchemingMind.com"]
[Date "2012.11.16"]
[Round "-"]
[White "Scooter"]
[Black "Iucounu"]
[Result "1-0"]
[WhiteCountry "USA"]
[BlackCountry "ENG"]
[WhiteElo "1774"]
[WhiteRD "54"]
[BlackElo "1409"]
[BlackRD "52"]
[GameID "321478"]

1. d4 Nf6 2. Nf3 d5 3. Bf4 e6 4. e3 c5 5. c3 Nc6 6. Be2 c4 7. O-O Be7 8. h3 O-O 9. Nbd2 Bd6 10. Bxd6 Qxd6
11. Qc2 b5 12. e4 a5 13. e5 Qe7 14. exf6 Qxf6 15. Rfe1 Bd7 16. Ne5 Nxe5 17. dxe5 Qg6 18. Qxg6 hxg6 19. b3 f6 20. f4 f5
21. g4 Kf7 22. g5 Rh8 23. Kg2 a4 24. bxc4 bxc4 25. Bf3 Bc6 26. Nxc4 Ra6 27. Nd6+ Ke7 28. c4 Rd8 29. cxd5 Bxd5 30. Bxd5 Rb6
31. Rab1
1-0

[Event "Come on and play!"]
[Site "SchemingMind.com"]
[Date "2012.11.16"]
[Round "-"]
[White "Scooter"]
[Black "mireluc"]
[Result "1-0"]
[WhiteCountry "USA"]
[BlackCountry "ESP"]
[WhiteElo "1769"]
[WhiteRD "52"]
[BlackElo "1575"]
[BlackRD "87"]
[GameID "321480"]

1. d4 Nf6 2. Nf3 d5 3. Bf4 e6 4. e3 Bd6 5. Bxd6 cxd6 6. Bb5+ Bd7 7. Bxd7+ Nbxd7 8. O-O O-O 9. Nbd2 Qb6 10. b3 a5
11. c4 dxc4 12. Nxc4 Qa6 13. Rc1 Rfc8 14. h3 b5 15. Ncd2 b4 16. Rxc8+ Rxc8 17. Qb1 Nd5 18. Ng5 N7f6 19. Nde4 Nxe4 20. Nxe4 f5
21. Ng5 Re8 22. e4 Nc3 23. Qc2 Rc8 24. Qd2 Nxe4 25. Nxe4 fxe4 26. Rc1 d5 27. Qf4 h6 28. Rxc8+ Qxc8 29. Qd6 Kf7 30. Qb6 Qc1+
31. Kh2 Qa3 32. Qc7+ Kg6 33. Qe7 Kf5 34. g4+ Kg6 35. Qxe6+ Kh7 36. Qxd5 Qxa2 37. Qxe4+ Kh8 38. Qa8+ Kh7 39. Kg2 a4 40. Qe4+ Kg8
41. bxa4 b3 42. Qd5+ Kh7 43. a5 Qa4 44. Qe4+ Kg8 45. Qb7 b2 46. Qxb2 Qxa5 47. Qb3+ Kf8 48. Qe6 Qa8+ 49. d5 Qb7 50. Qc6 Qb8
51. d6 Qd8 52. Qc7 Ke8 53. Kg3 g5 54. Qxd8+ Kxd8 55. Kf3 Kd7 56. Ke4 Kxd6 57. Kf5 Kd5 58. Kg6 Ke4 59. Kxh6 Kf3 60. Kxg5 Kxf2
61. h4 Kf3 62. h5 Kg3 63. h6 Kf3 64. h7 Kg3 65. h8=Q Kf3 66. Qf6+ Kg3 67. Qf4+ Kh3 68. Qf3+ Kh2 69. Kh4 Kg1 70. Qe2 Kh1
71. Kh3 Kg1 72. Qg2#
1-0

[Event "Come on and play!"]
[Site "SchemingMind.com"]
[Date "2012.11.20"]
[Round "-"]
[White "Scooter"]
[Black "SAMAEL"]
[Result "0-1"]
[WhiteCountry "USA"]
[BlackCountry "CAN"]
[WhiteElo "1769"]
[WhiteRD "52"]
[BlackElo "1719"]
[BlackRD "55"]
[GameID "321481"]

1. d4 d5 2. Nf3 e6 3. Bf4 Nf6 4. e3 Be7 5. h3 h6 6. Be2 O-O 7. O-O c5 8. c3 Nc6 9. Nbd2 Bd7 10. Ne5 Nxe5
11. Bxe5 c4 12. b3 b5 13. b4 a5 14. a3 axb4 15. axb4 Rxa1 16. Qxa1 Qa8 17. Nf3 Bc6 18. Bh2 Qxa1 19. Rxa1 Ra8 20. Rxa8+ Bxa8
21. Ne5 Ne4 22. Nd7 Nxc3 23. Kf1 Nxe2 24. Kxe2 Bxb4 25. Nc5 Bxc5 26. dxc5 Kf8 27. Bd6+ Ke8 28. Kd2 h5 29. h4 Kd7 30. Kc3 f6
31. f3 e5 32. f4 Ke6 33. g3 Kf5 34. Bf8 g5 35. hxg5 fxg5 36. fxg5 Kxg5 37. Bd6 Kf5 38. Bc7 Ke4 39. Bd6 d4+ 40. exd4 exd4+
0-1

[Event "Come on and play!"]
[Site "SchemingMind.com"]
[Date "2012.11.15"]
[Round "-"]
[White "Scooter"]
[Black "hymanroth"]
[Result "1/2-1/2"]
[WhiteCountry "USA"]
[BlackCountry "CRO"]
[WhiteElo "1775"]
[WhiteRD "47"]
[BlackElo "2029"]
[BlackRD "111"]
[GameID "321482"]

1. d4 Nf6 2. Nf3 e6 3. Bg5 h6 4. Bh4 d6 5. e3 g5 6. Bg3 Nh5 7. Nc3 Bg7 8. Be2 Nxg3 9. hxg3 Nd7 10. O-O a6
11. Ne4 d5 12. Ned2 c6 13. c4 Qe7 14. c5 e5 15. Rb1 e4 16. Nh2 Nf6 17. b4 O-O 18. Ng4 Nxg4 19. Bxg4 Bxg4 20. Qxg4 Qe6
21. Qxe6 fxe6 22. a4 e5 23. Nb3 exd4 24. Nxd4 Bxd4=
1/2-1/2

[Event "Come on and play!"]
[Site "SchemingMind.com"]
[Date "2012.11.15"]
[Round "-"]
[White "Majoanis"]
[Black "Scooter"]
[Result "1-0"]
[WhiteCountry "CAN"]
[BlackCountry "USA"]
[WhiteElo "1800"]
[WhiteRD "63"]
[BlackElo "1769"]
[BlackRD "52"]
[GameID "321483"]

1. Nf3 Nf6 2. c4 g6 3. b4 Bg7 4. Bb2 O-O 5. g3 e6 6. Bg2 c6 7. O-O d5 8. d3 Nbd7 9. Nbd2 b6 10. Rc1 dxc4
11. Nxc4 Nd5 12. Bxg7 Kxg7 13. a3 Qe7 14. Nce5 Nxe5 15. Nxe5 c5 16. bxc5 bxc5 17. Qc2 Bb7 18. Qxc5 Qd8 19. Qc2 Qe7 20. Qb2 Kg8
21. Ng4 f6 22. e4 Nb6 23. e5 f5 24. Nf6+ Kg7 25. Bxb7 Qxb7 26. Qb4 Rf7 27. Qb5 Qe7 28. Rc3 Nd7 29. Rc7 Rd8 30. a4 a6
31. Qxa6 Qb4 32. Qxe6 Qxa4 33. Rxd7 Rdxd7 34. Nxd7 Qxd7 35. Qxd7 Rxd7 36. Rd1 Kf7 37. f4 Ke6 38. Kf2 h6 39. Ke3 g5 40. d4 gxf4+
41. gxf4 h5 42. d5+ Rxd5 43. Rxd5 Kxd5 44. Kf3 Ke6 45. Kg3
1-0

[Event "Come on and play!"]
[Site "SchemingMind.com"]
[Date "2012.11.16"]
[Round "-"]
[White "krzysztof"]
[Black "Scooter"]
[Result "0-1"]
[WhiteCountry "POL"]
[BlackCountry "USA"]
[WhiteElo "1574"]
[WhiteRD "72"]
[BlackElo "1775"]
[BlackRD "47"]
[GameID "321484"]

1. Nf3 Nf6 2. Nc3 d5 3. d4 e6 4. a3 Be7 5. Qd3 O-O 6. e4 dxe4 7. Nxe4 Nbd7 8. Nfg5 b6 9. Qh3 Bb7 10. Bd3 h6
11. Nxf6+ Nxf6 12. f4 hxg5 13. fxg5 Ne4 14. Qe3 Bxg5 15. Qf3 Bxc1 16. Rxc1 Qxd4 17. Bxe4 Bxe4 18. Qe2 Qxb2 19. O-O Bc6 20. Qh5 Rfd8
21. Qxf7+ Kh8 22. Rce1 Qxc2 23. Rf2 Qc5 24. Kh1 Rf8 25. Qxf8+ Rxf8 26. Rxf8+ Qxf8 27. h3 Qf2 28. Rg1 Qg3 29. a4 Qxh3#
0-1

[Event "Come on and play!"]
[Site "SchemingMind.com"]
[Date "2012.11.15"]
[Round "-"]
[White "Michal Drus"]
[Black "Scooter"]
[Result "0-1"]
[WhiteCountry "POL"]
[BlackCountry "USA"]
[WhiteElo "1596"]
[WhiteRD "62"]
[BlackElo "1775"]
[BlackRD "47"]
[GameID "321485"]

1. e4 c6 2. Nf3 d5 3. Nc3 dxe4 4. Nxe4 Bf5 5. Ng3 Bg6 6. h4 h6 7. d4 Nd7 8. h5 Bh7 9. Bd3 Bxd3 10. Qxd3 Qc7
11. Be3 O-O-O 12. d5 Ne5 13. Nxe5 Qxe5 14. Qd4 Rxd5 15. Qxa7 Qxb2 16. O-O Qe5 17. Rab1 Qb8 18. Rfd1 Qxa7 19. Bxa7 Nf6 20. Nf5 Rxf5
21. Bb6 Rd5 22. Bd4 Nxh5 23. c4 Rd7 24. Bb6 e6 25. Rxd7 Kxd7 26. Rd1+ Ke7 27. Bd8+ Ke8 28. Bb6 Be7
0-1

[Event "Come on and play!"]
[Site "SchemingMind.com"]
[Date "2012.11.16"]
[Round "-"]
[White "Iucounu"]
[Black "Scooter"]
[Result "0-1"]
[WhiteCountry "ENG"]
[BlackCountry "USA"]
[WhiteElo "1409"]
[WhiteRD "52"]
[BlackElo "1774"]
[BlackRD "54"]
[GameID "321486"]

1. e4 c6 2. d4 d5 3. Nc3 dxe4 4. Nxe4 Bf5 5. Ng3 Bg6 6. h4 h6 7. h5 Bh7 8. Nf3 Nd7 9. Bd3 Bxd3 10. Qxd3 Qc7
11. Be3 O-O-O 12. Rd1 Ngf6 13. O-O e6 14. Rfe1 Be7 15. c3 Nc5 16. Qc2 Ncd7 17. a3 Bd6 18. Qa4 Kb8 19. c4 Bxg3 20. d5 Bd6
21. dxe6 fxe6 22. b4 Nb6 23. Qb3 Bf4 24. Bxf4 Qxf4 25. Rxd8+ Rxd8 26. c5 Nbd5 27. Rd1 Nxh5 28. Qb2 Kc7 29. Qe5+ Qxe5 30. Nxe5 Ndf4
31. Rxd8 Kxd8
0-1